00431nam a2200169 a 450000100060000000300090000600800410001502000150005604000280007108200150009910000240011424500210013825000060015926000360016530000110020165000490021211047CO-ViMGA141112s2004 ck r 000 u spa d a9586000923 aCO-ViMGAbspacCO-ViMGA04a332.4 L37m1 aLeroy Miller, Roger10aMoneda y banca  a2 aMexico, cMcGraw - Hill, c1992 a647 p.14aBANCOS - CUESTION MONETARIA - ESTADOS UNIDOS